[Event "Rochefort op 13th"]
[Site "Rochefort"]
[Date "2014.02.22"]
[Round "1"]
[White "Kozhuharov, Spas"]
[Black "Bozkiewicz, Eric"]
[Result "1-0"]
[WhiteElo "2463"]
[BlackElo "2106"]
[PlyCount "35"]
[EventDate "2014.02.22"]
[EventType "swiss"]
[EventRounds "9"]
[EventCountry "FRA"]
[SourceTitle "CBM 159 Extra"]
[Source "ChessBase"]
[SourceDate "2014.04.24"]
[SourceVersion "1"]
[SourceVersionDate "2014.04.24"]
[SourceQuality "1"]

1. d4 f5 2. g3 Nf6 3. Bg2 g6 4. Nf3 Bg7 5. 0-0 0-0 6. c4 d5 7. cxd5 Nxd5 8. Nc3 c6 9. e4 fxe4 10. Ng5 e5 11. dxe5 Bxe5 12. Qb3 Kg7 13. Rd1 h6 14. Ngxe4 Nxc3 15. Rxd8 Ne2+ 16. Kf1 Nxc1 17. Qb4 Rxd8 18. Qe7+ 1-0